| 000 | 00387nam a2200169Ia 4500 | ||
|---|---|---|---|
| 001 | 3485 | ||
| 003 | IN-NITTTR | ||
| 005 | 20251114232948.0 | ||
| 008 | 251113s9999||||xx |||||||||||||| ||eng|| | ||
| 040 | _beng | ||
| 040 | _cIN-NITTTR | ||
| 041 | _aeng | ||
| 082 | _a531.112 C463V | ||
| 100 | _aChristie, Dan Edwin | ||
| 245 | 0 |
_aVector mechanics / _cChristie, Dan Edwin |
|
| 942 |
_2ddc _cBK |
||
| 999 |
_c5812 _d5812 |
||